| 000 | 01058cam a2200289Mu 4500 | ||
|---|---|---|---|
| 005 | 20170710152549.0 | ||
| 008 | 160829s2005 xxuad fr 001 0 eng d | ||
| 010 | _a2004029947 | ||
| 020 | _a0873896394 | ||
| 020 | _a9780873896399 | ||
| 035 | _a(OCoLC)605612652 | ||
| 040 |
_aCO-BoUCM _bspa _cSandra Palacio _dSandra Palacio |
||
| 041 | 0 | _aeng | |
| 100 | 1 |
_aTague, Nancy R. _979254 |
|
| 245 | 1 | 4 |
_aThe quality toolbox _cNancy R. Tague |
| 250 | _aSegunda edición | ||
| 260 |
_aMilwaukee (Wisconsin, Estados Unidos) _bASQC Quality Press _c2005 |
||
| 300 |
_axxvi, 557 páginas _bilustraciones, tablas, gráficas |
||
| 504 | _aIncluye referencias bibliográficas e índices | ||
| 650 | 7 |
_aToma de desiciones _975274 |
|
| 650 | 7 |
_aComportamiento organizacional _911292 |
|
| 650 | 7 |
_aAdministración de empresas _9435 _xResolición de conflictos |
|
| 653 | _aEquipos de trabajo autodirigidos | ||
| 690 |
_aAdministración de empresas _9435 |
||
| 942 |
_2DEWEY _cLIBRORESER _a16 _e2 _h658.4036 _mT128qt _n0 |
||
| 999 |
_c304224 _d304224 |
||